Catálogo
 En Linea

Banco central Valdez Albizu y banreservas / (Registro nro. 38098)

Detalles MARC
000 -CABECERA
campo de control de longitud fija 00425nam a2200133 a 4500
001 - NÚMERO DE CONTROL
campo de control 000038608
005 - FECHA Y HORA DE LA ÚLTIMA TRANSACCIÓN
campo de control 20201002031318.0
008 - DATOS DE LONGITUD FIJA--INFORMACIÓN GENERAL
campo de control de longitud fija 130416s1995 dr ac 000 0 spa d
040 ## - FUENTE DE LA CATALOGACIÓN
Centro catalogador/agencia de origen DO-SdBNP
Lengua de catalogación spa
Centro/agencia transcriptor BNPHU
100 1# - ENTRADA PRINCIPAL--NOMBRE DE PERSONA
Nombre de persona Alburquerque, Luis
9 (RLIN) 15422
245 10 - MENCIÓN DE TÍTULO
Título Banco central Valdez Albizu y banreservas /
Mención de responsabilidad, etc. Luis Alburquerque.
260 ## - PUBLICACIÓN, DISTRIBUCIÓN, ETC.
Lugar de publicación, distribución, etc. Santo domingo :
Nombre del editor, distribuidor, etc. Imprenta Mercedes,
Fecha de publicación, distribución, etc. 1995.
300 ## - DESCRIPCIÓN FÍSICA
Extensión 173 p. :
Otras características físicas il., retrs. ;
Dimensiones 22 cm.
Existencias
Estado de retiro Estado de pérdida No para préstamo Código de colección Localización permanente Ubicación/localización actual Ubicación en estantería Fecha de adquisición Número de inventario Total de préstamos Signatura topográfica completa Código de barras Fecha visto por última vez Precio válido a partir de Tipo de ítem Koha
    Excluido de préstamo Patrimonio Dominicano Patrimonio Dominicano Patrimonio Dominicano En catalogación 16.04.2013 LF1   38608-10 25.06.2020 25.06.2020 Libro y Folleto Colección Patrimonio Dominicano

Con tecnología Koha